Normal view
MARC view
Entry Personal Name
001 - CONTROL NUMBER
- control field: 50778
003 - CONTROL NUMBER IDENTIFIER
- control field: ARRUPE
005 - DATE AND TIME OF LATEST TRANSACTION
- control field: 20211028101639.0
008 - FIXED-LENGTH DATA ELEMENTS
- fixed length control field: 211028|| aca||aabn | a|a d
040 ## - CATALOGING SOURCE
- Original cataloging agency: ARRUPE
- Transcribing agency: ARRUPE
100 ## - HEADING--PERSONAL NAME
- Personal name: Mead, George Herbert,
- Dates associated with a name: 1863-1931
670 ## - SOURCE DATA FOUND
- Source citation: Work cat.: (ARRUPE)0: Scheffler, Israel. 50777, Four pragmatists :, 1974.